[Event "Werther Schloss op-C 13rd"]
[Site "Werther"]
[Date "2007.04.01"]
[Round "4"]
[White "Radde, Torsten"]
[Black "Steinbach, Juergen"]
[Result "0-1"]
[WhiteElo "1709"]
[BlackElo "1634"]
[PlyCount "52"]
[EventDate "2007.03.31"]
[EventType "swiss"]
[EventRounds "5"]
[EventCountry "GER"]
[SourceTitle "EXT 2008"]
[Source "ChessBase"]
[SourceDate "2007.11.25"]
[SourceVersion "1"]
[SourceVersionDate "2007.11.25"]
[SourceQuality "1"]

1. e4 e6 2. Nc3 d5 3. exd5 exd5 4. d4 Bb4 5. Nf3 Ne7 6. Bd3 Bg4 7. h3 Bh5 8. 0-0 0-0 9. Bxh7+ Kh8 10. Bd3 Nbc6 11. g4 Bg6 12. Ng5 Qd7 13. Ne2 f6 14. Bxg6 Nxg6 15. Qd3 fxg5 16. Qxg6 Rf6 17. Qxg5 Bd6 18. Qh5+ Kg8 19. Qxd5+ Rf7 20. Qb5 Raf8 21. Be3 Qe7 22. c3 Qe4 23. Rae1 Rf3 24. c4 Ne7 25. Qh5 Rxe3 26. Nc3 Qf4 0-1

[Event "Werther Schloss op-C 13rd"]
[Site "Werther"]
[Date "2007.04.01"]
[Round "5"]
[White "Stoilov, Mile"]
[Black "Radde, Torsten"]
[Result "1/2-1/2"]
[WhiteElo "1630"]
[BlackElo "1709"]
[PlyCount "38"]
[EventDate "2007.03.31"]
[EventType "swiss"]
[EventRounds "5"]
[EventCountry "GER"]
[SourceTitle "EXT 2008"]
[Source "ChessBase"]
[SourceDate "2007.11.25"]
[SourceVersion "1"]
[SourceVersionDate "2007.11.25"]
[SourceQuality "1"]

1. e4 c5 2. Nf3 e6 3. d4 cxd4 4. Nxd4 a6 5. Be2 Nc6 6. Be3 Nf6 7. f3 d5 8. exd5 Nxd5 9. Nxc6 bxc6 10. Bd2 Bc5 11. Nc3 0-0 12. Ne4 Be3 13. g3 Qb6 14. c4 Bxd2+ 15. Qxd2 f5 16. c5 Qb4 17. a3 Qxd2+ 18. Nxd2 Rd8 19. Nc4 a5 1/2-1/2

[Event "Werther Schloss op-C 13rd"]
[Site "Werther"]
[Date "2007.03.31"]
[Round "3"]
[White "Langhanke, Gerald"]
[Black "Radde, Torsten"]
[Result "0-1"]
[WhiteElo "1547"]
[BlackElo "1709"]
[PlyCount "50"]
[EventDate "2007.03.31"]
[EventType "swiss"]
[EventRounds "5"]
[EventCountry "GER"]
[SourceTitle "EXT 2008"]
[Source "ChessBase"]
[SourceDate "2007.11.25"]
[SourceVersion "1"]
[SourceVersionDate "2007.11.25"]
[SourceQuality "1"]

1. e4 c5 2. Nf3 e6 3. c3 Nc6 4. d4 cxd4 5. cxd4 a6 6. Nc3 d6 7. Bf4 Qb6 8. Qd2 Nf6 9. e5 dxe5 10. dxe5 Nd5 11. Nxd5 exd5 12. Be3 d4 13. Bxd4 Nxd4 14. Qxd4 Bc5 15. Qa4+ Bd7 16. Qc2 Rc8 17. Qe2 0-0 18. b3 Bb5 19. Qb2 Bb4+ 20. Nd2 Bc3 21. Qc1 Rfd8 22. Kd1 Rxd2+ 23. Qxd2 Bxd2 24. Kxd2 Qd4+ 25. Ke1 Qxe5+ 0-1